Nimeä mieshiihdon olympiamitalistit 2000-2024 - Statistics

Yleistilastot
  • Tätä visaa on pelattu 55 kertaa
  • Keskiarvotulos 34 / 108
Vastaustilastot
Olympialaiset Matka Maa Sija Nimi % Oikein
Pyeongchang 2018 50km P Suomi Kultaa Iivo Niskanen
95%
Peking 2022 15km P Suomi Kultaa Iivo Niskanen
95%
Peking 2022 15km+15km (P+V) Suomi Pronssia Iivo Niskanen
95%
Sotshi 2014 Parisprintti P Suomi Kultaa Iivo NiskanenSami Jauhojärvi
79%
Pyeongchang 2018 50km P Venäjä Hopeaa Aleksander Bolsunov
69%
Pyeongchang 2018 Sprintti P Venäjä Pronssia Aleksander Bolsunov
69%
Peking 2022 15km P Venäjä Hopeaa Aleksander Bolsunov
69%
Peking 2022 15km+15km (P+V) Venäjä Kultaa Aleksander Bolsunov
69%
Peking 2022 50km V Venäjä Kultaa Aleksander Bolsunov
69%
Pyeongchang 2018 Parisprintti V Venäjä Hopeaa Denis Spitsov Aleksander Bolšunov
69%
Vancouver 2010 4x10km Viesti Norja Hopeaa Martin Johnsrud SundbyOdd-Bjørn Hjelmeset Lars Berger Petter Northug
67%
Vancouver 2010 Parisprintti V Norja Kultaa Oystein PettersenPetter Northug
67%
Vancouver 2010 Sprintti P Norja Pronssia Petter Northug
67%
Vancouver 2010 50km P Norja Kultaa Petter Northug
67%
Pyeongchang 2018 Sprintti P Italia Hopeaa Federico Pellegrino
64%
Peking 2022 Sprintti V Italia Hopeaa Federico Pellegrino
64%
Sotshi 2014 15km+15km (P+V) Norja Pronssia Martin Johnsrud Sundby
62%
Pyeongchang 2018 15km+15km (P+V) Norja Hopeaa Martin Johnsrud Sundby
62%
Peking 2022 4x10km Viesti Norja Hopeaa Emil Iversen
Pål Golberg
Hans Christer Holund
Johannes Høsflot Klæbo
56%
Peking 2022 Parisprintti P Suomi Hopeaa Iivo NiskanenJoni Mäki
56%
Pyeongchang 2018 4x10km Viesti Norja Kultaa Didrik Tønseth
Martin Johnsrud Sundby
Simen Hegstad Krüger
Johannes Høsflot Klabo
54%
Peking 2022 Parisprintti P Norja Kultaa Erik Valnes Johannes Høsflot Klabo
54%
Pyeongchang 2018 Sprintti P Norja Kultaa Johannes Høsflot Klabo
54%
Peking 2022 Sprintti V Norja Kultaa Johannes Høsflot Klabo
54%
Peking 2022 15km P Norja Pronssia Johannes Høsflot Klabo
54%
Pyeongchang 2018 Parisprintti V Norja Kultaa Martin Johnsrud Sundby Johannes Høsflot Klabo
54%
Pyeongchang 2018 4x10km Viesti Venäjä Hopeaa Andrei Larkov
Aleksander Bolšunov
Aleksei Tšervotkin
Denis Spitsov
51%
Vancouver 2010 15km V Sveitsi Kultaa Dario Cologna
51%
Sotshi 2014 15km P Sveitsi Kultaa Dario Cologna
51%
Sotshi 2014 15km+15km (P+V) Sveitsi Kultaa Dario Cologna
51%
Pyeongchang 2018 15km V Sveitsi Kultaa Dario Cologna
51%
Pyeongchang 2018 15km V Venäjä Pronssia Denis Spitsov
51%
Peking 2022 15km+15km (P+V) Venäjä Hopeaa Denis Spitsov
51%
Peking 2022 4x10km Viesti Ranska Pronssia Richard Jouve Hugo Lapalus Clément Parisse Maurice Manificat
49%
Pyeongchang 2018 15km+15km (P+V) Norja Pronssia Hans Christer Holund
46%
Pyeongchang 2018 Parisprintti V Ranska Pronssia Maurice Manificat Richard Jouve
44%
Pyeongchang 2018 15km V Norja Hopeaa Simen Hegstad Kruger
41%
Pyeongchang 2018 15km+15km (P+V) Norja Kultaa Simen Hegstad Kruger
41%
Peking 2022 50km V Norja Pronssia Simen Hegstad Kruger
41%
Salt Lake City 2002 15km P Viro Kultaa Andrus Veerpalu
38%
Salt Lake City 2002 50km P Viro Hopeaa Andrus Veerpalu
38%
Torino 2006 15km P Viro Kultaa Andrus Veerpalu
38%
Sotshi 2014 50km V Venäjä Kultaa Aleksandr Legkov
33%
Vancouver 2010 15km+15km (P+V) Ruotsi Pronssia Johan Olsson
33%
Vancouver 2010 50km P Ruotsi Pronssia Johan Olsson
33%
Sotshi 2014 15km P Ruotsi Hopeaa Johan Olsson
33%
Peking 2022 4x10km Viesti Venäjä Kultaa Aleksei Tšervotkin
Aleksandr Bolšunov
Denis Spitsov
Sergei Ustjugov
31%
Pyeongchang 2018 50km P Venäjä Pronssia Andrei Larkov
28%
Torino 2006 15km P Tsekki Hopeaa Lukas Bauer
28%
Vancouver 2010 15km V Tsekki Pronssia Lukas Bauer
28%
Vancouver 2010 50km P Saksa Hopeaa Axel Teichmann
26%
Vancouver 2010 4x10km Viesti Ruotsi Kultaa Daniel RickardssonJohan Olsson Anders Södergren Marcus Hellner
26%
Sotshi 2014 Sprintti V Ruotsi Pronssia Emil Jönsson
26%
Sotshi 2014 4x10km Viesti Ruotsi Kultaa Lars Nelson
Daniel Richardsson
Johan Olsson
Marcus Hellner
26%
Vancouver 2010 15km+15km (P+V) Ruotsi Kultaa Marcus Hellner
26%
Sotshi 2014 15km+15km (P+V) Ruotsi Hopeaa Marcus Hellner
26%
Vancouver 2010 Parisprintti V Saksa Hopeaa Tim TscharnkeAxel Teichmann
26%
Salt Lake City 2002 50km P Norja Pronssia Odd-Bjorn Hjelmeset
23%
Torino 2006 4x10km Viesti Saksa Hopeaa Andreas Schlütter
René Sommerfeldt
Jens Filbrich
Tobias Angerer
21%
Sotshi 2014 15km P Ruotsi Pronssia Daniel Richardsson
21%
Torino 2006 15km P Saksa Pronssia Tobias Angerer
21%
Vancouver 2010 15km+15km (P+V) Saksa Hopeaa Tobias Angerer
21%
Salt Lake City 2002 15km P Viro Pronssia Jaak Mae
18%
Salt Lake City 2002 10km+10km (P+V) Ruotsi Pronssia Per Elofsson
18%
Sotshi 2014 4x10km Viesti Venäjä Hopeaa Dmitri Japarov
Aleksandr Bessmertnyh
Aleksandr Legkov
Maksim Vylegžanin
15%
Sotshi 2014 Parisprintti P Ruotsi Pronssia Emil JönssonTeodor Peterson
15%
Torino 2006 50km V Italia Kultaa Giorgio di Centa
15%
Torino 2006 Parisprintti P Norja Hopeaa Jens Arne SvartedalTor Arne Hetland
15%
Sotshi 2014 50km V Venäjä Hopeaa Maksim Vylegzanin
15%
Sotshi 2014 Sprintti V Norja Kultaa Ola Vigen Hattestad
15%
Salt Lake City 2002 4x10km Viesti Italia Hopeaa Pietro Piller CottrerCristian Zorzi Fabio Maj Giorgio di Centa
15%
Sotshi 2014 Sprintti V Ruotsi Hopeaa Teodor Peterson
15%
Salt Lake City 2002 10km+10km (P+V) Norja Kultaa Thomas Alsgaard
15%
Salt Lake City 2002 Sprintti V Norja Kultaa Tor Arne Hetland
15%
Peking 2022 Parisprintti P Venäjä Pronssia Aleksander BolsunovAleksander Terentjev
13%
Peking 2022 Sprintti V Venäjä Pronssia Aleksandr Terentjev
13%
Salt Lake City 2002 15km P Norja Hopeaa Frode Estil
13%
Salt Lake City 2002 10km+10km (P+V) Norja Hopeaa Frode Estil
13%
Torino 2006 15km+15km (P+V) Norja Hopeaa Frode Estil
13%
Peking 2022 50km V Venäjä Hopeaa Ivan Jakimuskin
13%
Sotshi 2014 Parisprintti P Venäjä Hopeaa Maksim VylegzaninNikita Krjukov
13%
Vancouver 2010 Sprintti P Venäjä Kultaa Nikita Krjukov
13%
Torino 2006 15km+15km (P+V) Italia Pronssia Pietro Piller Cottrer
13%
Vancouver 2010 15km V Italia Hopeaa Pietro Piller Cottrer
13%
Salt Lake City 2002 4x10km Viesti Saksa Pronssia Rene SommerfeldtTobias Angerer Andreas Schlutter Jens Filbrich
13%
Salt Lake City 2002 30km V Itävalta Hopeaa Mihail Botvinov
10%
Torino 2006 50km V Itävalta Pronssia Mihail Botvinov
10%
Salt Lake City 2002 50km P Venäjä Kultaa Mihail Ivanov
10%
Torino 2006 Sprintti V Ruotsi Pronssia Thobias Fredriksson
10%
Salt Lake City 2002 Sprintti V Italia Pronssia Cristian Zorzi
8%
Torino 2006 4x10km Viesti Italia Kultaa Fulvio Valbusa Giorgio Di Centa Pietro Piller Cottrer Cristian Zorzi
8%
Salt Lake City 2002 30km V Itävalta Kultaa Christian Hoffman
5%
Salt Lake City 2002 30km V Norja Pronssia Kristen Skjeldal
5%
Torino 2006 Sprintti V Ruotsi Kultaa Björn Lind
3%
Sotshi 2014 50km V Venäjä Pronssia Ilja Tsernousov
3%
Torino 2006 15km+15km (P+V) Venäjä Kultaa Jevgeni Dementjev
3%
Torino 2006 50km V Venäjä Hopeaa Jevgeni Dementjev
3%
Salt Lake City 2002 Sprintti V Saksa Hopeaa Peter Schlickenrieder
3%
Torino 2006 Parisprintti P Ruotsi Kultaa Thobias FredrikssonBjörn Lind
3%
Salt Lake City 2002 4x10km Viesti Norja Kultaa Thomas AlsgaardFrode Estil Kristen Skjeldal Anders Aukland
3%
Vancouver 2010 Sprintti P Venäjä Hopeaa Aleksandr Panzinski
0%
Torino 2006 Parisprintti P Venäjä Pronssia Ivan AlypovVasili Rotsev
0%
Pyeongchang 2018 4x10km Viesti Ranska Pronssia Jean-Marc Gaillard
Maurice Manificat
Clément Parisse
Adrien Backscheider
0%
Sotshi 2014 4x10km Viesti Ranska Pronssia Jean Marc Gaillard Maurice Manificat Robin Duvillard Ivan Perrillat Boiteux
0%
Vancouver 2010 4x10km Viesti Tsekki Pronssia Martin JakšLukáš Bauer Jiří Magál Martin Koukal
0%
Torino 2006 4x10km Viesti Ruotsi Pronssia Mathias Fredriksson Anders Södergren Johan Olsson Mats Larsson
0%
Vancouver 2010 Parisprintti V Venäjä Pronssia Nikolai MorilovAleksei Petuhov
0%
Torino 2006 Sprintti V Ranska Hopeaa Roddy Darragon
0%
Ehtoja vastaavia visoja ei löytynyt
Tulosjakauma
Jokaisen tuloksen saaneiden osuus
Persentiili vastausten määrän mukaan
Tuloshistoriasi
Et ole pelannut tätä visaa